MARC

LEADER 00000nam0a2200000 4500
001 337812
005 20231102005004.0
035 |a (RuTPU)RU\TPU\book\364300 
090 |a 337812 
100 |a 20171113d1931 k y0rusy50 ca 
101 0 |a rus  |a eng 
102 |a RU 
105 |a a z 001zy 
200 1 |a Cardidae акчагыла (C. radiiferum, C. dahestanicum, C. Nikitini)  |f Н. Ю. Успенская  |g СССР, Главное геологоразведочное управление 
210 |a Москва  |a Ленинград  |c Геологическое изд-во  |d 1931 
215 |a 28 с.  |c ил.  |e 7 таблиц 
225 1 |a Труды Главного геолого-разведочного управления ВСНХ СССР  |v Вып. 121 
320 |a Библиогр. в примеч. 
606 1 |a Моллюски двустворчатые, ископаемые  |2 stltpush  |3 (RuTPU)RU\TPU\subj\66869  |9 82878 
610 1 |a фауна 
610 1 |a исследования 
610 1 |a акчагыл 
610 1 |a таблицы 
610 1 |a описание 
610 1 |a местонахождение 
610 1 |a библиотека М. А. Усова 
675 |a 564.1  |v 4 
700 1 |a Успенская  |b Н. Ю. 
712 0 1 |a СССР  |b Главное геологоразведочное управление  |c (1928-1931)  |2 stltpush  |3 (RuTPU)RU\TPU\col\18482  |9 27044 
801 1 |a RU  |b 63413507  |c 20171113 
801 2 |a RU  |b 63413507  |c 20180213  |g RCR 
942 |c BK